[Event "Gibraltar Amateur op-A"]
[Site "Caleta"]
[Date "2017.01.27"]
[Round "5"]
[White "Hunt, Caro"]
[Black "Stamenov, Valeri"]
[Result "0-1"]
[WhiteElo "1631"]
[BlackElo "1839"]
[PlyCount "82"]
[EventDate "2017.01.23"]
[EventType "swiss"]
[EventRounds "5"]
[EventCountry "GGB"]
[SourceTitle "CBM 176 Extra"]
[Source "ChessBase"]
[SourceDate "2017.03.02"]
[SourceVersion "1"]
[SourceVersionDate "2017.03.02"]
[SourceQuality "1"]

1. e4 e5 2. Bc4 Nf6 3. d4 exd4 4. Nf3 Nc6 5. 0-0 Nxe4 6. Re1 d5 7. Bxd5 Qxd5 8. Nc3 Qa5 9. Rxe4+ Be6 10. Nxd4 Nxd4 11. Rxd4 Be7 12. Be3 c6 13. Qe2 0-0 14. Ne4 Rfd8 15. Bd2 Qf5 16. Bc3 Rxd4 17. Bxd4 c5 18. Bc3 Rd8 19. Ng3 Qg6 20. a3 Bf6 21. Bxf6 Qxf6 22. c3 b6 23. Rd1 h6 24. Rxd8+ Qxd8 25. Nf1 Qd6 26. Qd2 Qe5 27. Ne3 f5 28. f3 f4 29. Ng4 Bxg4 30. fxg4 Kf7 31. h3 Ke6 32. Kf2 Qe4 33. Qe2 Ke5 34. b3 Qxe2+ 35. Kxe2 Ke4 36. h4 g6 37. c4 a6 38. Kd2 f3 39. gxf3+ Kxf3 40. h5 g5 41. b4 a5 0-1

[Event "Sofia MGU op 171st"]
[Site "Sofia"]
[Date "2016.09.11"]
[Round "6"]
[White "Tenev, Bogdan"]
[Black "Stamenov, Valeri"]
[Result "1/2-1/2"]
[WhiteElo "1429"]
[BlackElo "1874"]
[PlyCount "124"]
[EventDate "2016.09.10"]
[EventType "swiss"]
[EventRounds "6"]
[EventCountry "BUL"]
[SourceTitle "CBM 174 Extra"]
[Source "ChessBase"]
[SourceDate "2016.10.10"]
[SourceVersion "1"]
[SourceVersionDate "2016.10.10"]
[SourceQuality "1"]

1. e4 e5 2. Bc4 Nf6 3. Nc3 Nxe4 4. Qf3 Nf6 5. Nh3 Be7 6. Ng5 0-0 7. Nxf7 Rxf7 8. Bxf7+ Kxf7 9. 0-0 d5 10. h3 Kg8 11. d3 Nc6 12. Ne2 Be6 13. c3 Qd7 14. Qg3 Rf8 15. f4 Nh5 16. Qh2 exf4 17. Bxf4 Nxf4 18. Rxf4 Bd6 19. Rxf8+ Kxf8 20. Rf1+ Kg8 21. Qh1 Bf5 22. g4 Be6 23. Qf3 Ne5 24. Qe3 b6 25. Nf4 Bf7 26. Qe2 c6 27. d4 Ng6 28. Nxg6 Bxg6 29. c4 Be4 30. b3 Be7 31. Qf2 Qe6 32. cxd5 Bxd5 33. Re1 Qd6 34. Qe3 Bf8 35. Qe5 Qxe5 36. Rxe5 Kf7 37. Kf2 g6 38. Re2 Bg7 39. Ke3 g5 40. Kd3 Bf6 41. Rf2 Ke7 42. Re2+ Kd7 43. Rf2 Bg7 44. Rf5 h6 45. Rf2 b5 46. b4 Kd6 47. Ke3 Bg8 48. a3 Be6 49. Rg2 Kd5 50. Rd2 Bf7 51. Rd1 Bg6 52. Rd2 Kc4 53. Rd1 Bc2 54. Rd2 Kb3 55. d5 cxd5 56. Rxd5 Kc4 57. Rc5+ Kb3 58. Rxb5 Kxa3 59. Rb7 Bb2 60. Rxa7+ Kxb4 61. Rb7+ Ka3 62. Ra7+ Ba4 1/2-1/2

[Event "Sofia MGU op 171st"]
[Site "Sofia"]
[Date "2016.09.10"]
[Round "1"]
[White "Georgiev, Nikolay"]
[Black "Stamenov, Valeri"]
[Result "1-0"]
[WhiteElo "1562"]
[BlackElo "1874"]
[PlyCount "89"]
[EventDate "2016.09.10"]
[EventType "swiss"]
[EventRounds "6"]
[EventCountry "BUL"]
[SourceTitle "CBM 174 Extra"]
[Source "ChessBase"]
[SourceDate "2016.10.10"]
[SourceVersion "1"]
[SourceVersionDate "2016.10.10"]
[SourceQuality "1"]

1. e4 e5 2. Bc4 Nf6 3. d3 Nc6 4. Nc3 Be7 5. h3 Na5 6. Bb3 Nxb3 7. axb3 d6 8. Be3 a6 9. g4 Be6 10. Nge2 0-0 11. f4 exf4 12. Nxf4 Nd7 13. Qd2 Bh4+ 14. Bf2 Ne5 15. 0-0-0 Bg5 16. Be3 Bxf4 17. Bxf4 Ng6 18. Bg3 c6 19. Rdf1 b5 20. Qh2 d5 21. exd5 cxd5 22. Ne2 Rc8 23. Nd4 Qb6 24. Qf2 a5 25. Nxe6 Qxf2 26. Rxf2 fxe6 27. Rhf1 Rxf2 28. Rxf2 e5 29. Kd2 Re8 30. Rf5 d4 31. h4 Rf8 32. Rxf8+ Kxf8 33. h5 Nf4 34. Bxf4 exf4 35. Ke2 g6 36. hxg6 h6 37. Kf3 Kg7 38. Kxf4 Kxg6 39. Ke4 Kg5 40. Kf3 Kf6 41. Ke4 Kg5 42. Kxd4 Kxg4 43. Ke3 h5 44. c4 bxc4 45. bxc4 1-0

[Event "Benidorm op U2000 11th"]
[Site "Benidorm"]
[Date "2012.12.06"]
[Round "8"]
[White "Picazo Gonzalez, Alejandro"]
[Black "Stamenov, Valeri"]
[Result "1/2-1/2"]
[WhiteElo "1991"]
[BlackElo "1915"]
[PlyCount "110"]
[EventDate "2012.11.30"]
[EventType "swiss"]
[EventRounds "10"]
[EventCountry "ESP"]
[SourceTitle "EXT 2014"]
[Source "ChessBase"]
[SourceDate "2013.11.20"]
[SourceVersion "1"]
[SourceVersionDate "2013.11.20"]
[SourceQuality "1"]

1. e4 e5 2. Nf3 Nc6 3. d4 exd4 4. Nxd4 Bc5 5. Be3 Qf6 6. c3 Nge7 7. Bc4 Ne5 8. Be2 Qg6 9. 0-0 d6 10. Nd2 Bh3 11. Bf3 0-0 12. Kh1 Bg4 13. Be2 Bxe2 14. Qxe2 Ng4 15. Bf4 Nc6 16. f3 Nge5 17. Be3 Bb6 18. f4 Nd7 19. f5 Qf6 20. N2f3 h6 21. Nxc6 Bxe3 22. Qxe3 bxc6 23. Qd4 Qe7 24. Rfe1 c5 25. Qd3 Rab8 26. b3 Ne5 27. Nxe5 Qxe5 28. Re3 Rfe8 29. Rae1 a5 30. Qd5 Qxd5 31. exd5 Kf8 32. Kg1 Rxe3 33. Rxe3 c4 34. bxc4 Rb2 35. c5 Rxa2 36. cxd6 cxd6 37. Re4 Rc2 38. Ra4 Rxc3 39. Rxa5 Rc5 40. Ra4 Rxd5 41. g4 Ke7 42. Kf2 h5 43. h3 hxg4 44. hxg4 Kf6 45. Kf3 Kg5 46. Ra7 Kf6 47. Ke4 Rd1 48. Ra6 g6 49. fxg6 fxg6 50. Kf4 Rd4+ 51. Ke3 Ke5 52. Kf3 Rd3+ 53. Kf2 g5 54. Ra8 Rd4 55. Kg3 d5 1/2-1/2

[Event "Sofia Nikolov Memorial 1st"]
[Site "Sofia"]
[Date "2011.03.06"]
[Round "6"]
[White "Andreev, Dobrotich"]
[Black "Stamenov, Valeri"]
[Result "1-0"]
[WhiteElo "2023"]
[BlackElo "1936"]
[PlyCount "107"]
[EventDate "2011.03.03"]
[EventType "swiss"]
[EventRounds "7"]
[EventCountry "BUL"]
[SourceTitle "CBM 141 Extra"]
[Source "ChessBase"]
[SourceDate "2011.05.03"]
[SourceVersion "1"]
[SourceVersionDate "2011.05.03"]
[SourceQuality "1"]

1. e4 e5 2. Nf3 Nc6 3. Bb5 a6 4. Bxc6 dxc6 5. Nc3 f6 6. d4 exd4 7. Qxd4 Qxd4 8. Nxd4 Bd6 9. Be3 Ne7 10. 0-0-0 Bd7 11. Nb3 0-0-0 12. Nc5 Ng6 13. Nxd7 Rxd7 14. Na4 Rhd8 15. Nc5 Bxc5 16. Bxc5 Rxd1+ 17. Rxd1 Rxd1+ 18. Kxd1 b6 19. Bd4 c5 20. Bc3 Kd7 21. Ke2 Ne7 22. Ke3 Nc6 23. f4 Ke6 24. g4 Kd6 25. h4 Ke6 26. h5 g6 27. f5+ gxf5 28. exf5+ Kf7 29. Ke4 Ne7 30. Bd2 c6 31. g5 fxg5 32. Bxg5 Nd5 33. c4 Nb4 34. a3 Nc2 35. Bd8 b5 36. Bb6 Na1 37. cxb5 axb5 38. Bxc5 Nb3 39. Bb4 Kf6 40. Bc3+ Kf7 41. Ke5 c5 42. Kd5 Ke7 43. Kc6 b4 44. axb4 cxb4 45. Be5 Nd2 46. Kd5 b3 47. Bc3 Nf3 48. Kc4 Nh4 49. f6+ Kf7 50. Kxb3 Nf5 51. Kc4 Ng3 52. b4 Nxh5 53. b5 Nf4 54. b6 1-0

[Event "Benidorm op U2000 06th"]
[Site "Benidorm"]
[Date "2007.??.??"]
[Round "6"]
[White "Marcos Robles, Juan Antonio"]
[Black "Stamenov, Valeri"]
[Result "1/2-1/2"]
[WhiteElo "1850"]
[BlackElo "1965"]
[PlyCount "85"]
[EventDate "2007.11.??"]
[EventType "swiss"]
[EventRounds "9"]
[EventCountry "ESP"]
[SourceTitle "EXT 2010"]
[Source "ChessBase"]
[SourceDate "2010.11.25"]
[SourceVersion "1"]
[SourceVersionDate "2010.11.25"]
[SourceQuality "1"]

1. e4 e5 2. Nf3 Nc6 3. Bb5 a6 4. Ba4 Nf6 5. 0-0 Be7 6. Re1 b5 7. Bb3 d6 8. c3 0-0 9. h3 Na5 10. Bc2 c5 11. d4 Qc7 12. Nbd2 cxd4 13. cxd4 Nc6 14. dxe5 dxe5 15. Nf1 Re8 16. Bd2 Nb4 17. Ne3 Be6 18. a3 Nxc2 19. Qxc2 Qxc2 20. Nxc2 Nd7 21. Nb4 Bxb4 22. Bxb4 f6 23. Rac1 Rec8 24. Rc3 Rxc3 25. Bxc3 Nc5 26. b4 Na4 27. Bd2 Nb6 28. Bc1 Rd8 29. Nd2 Kf7 30. f3 Ke7 31. Kf2 Bc4 32. Re3 Rc8 33. Rc3 Kd7 34. Ke3 Rc6 35. Kf2 Na4 36. Rc2 Be6 37. Rxc6 Kxc6 38. Ke3 g6 39. h4 Nb6 40. g3 Ba2 41. f4 exf4+ 42. gxf4 Nd7 43. Bb2 1/2-1/2

[Event "Sofia op 1st"]
[Site "Sofia"]
[Date "2006.05.11"]
[Round "1"]
[White "Stamenov, Valeri"]
[Black "Rusev, Krasimir"]
[Result "1/2-1/2"]
[WhiteElo "1951"]
[BlackElo "2422"]
[PlyCount "66"]
[EventDate "2006.05.11"]
[EventType "swiss"]
[EventRounds "9"]
[EventCountry "BUL"]
[SourceTitle "CBM 112 Extra"]
[Source "ChessBase"]
[SourceDate "2006.07.14"]
[SourceVersion "1"]
[SourceVersionDate "2006.07.14"]
[SourceQuality "1"]

1. e4 c5 2. c3 b6 3. d4 Bb7 4. d5 Nf6 5. f3 e6 6. c4 Bd6 7. Bd3 Qc7 8. g3 0-0 9. Ne2 exd5 10. exd5 b5 11. Nbc3 bxc4 12. Bxc4 Ba6 13. Qd3 Bxc4 14. Qxc4 Be7 15. Bf4 d6 16. Nd4 Qc8 17. Ndb5 Rd8 18. 0-0 a6 19. Na3 Nbd7 20. Rfe1 Bf8 21. Qd3 h6 22. Nc4 Qc7 23. g4 Nb6 24. b3 Nxc4 25. bxc4 Re8 26. Ne4 Nd7 27. Kg2 Rab8 28. Rab1 Qa5 29. Qc2 Qc7 30. Rxb8 Rxb8 31. Rb1 Re8 32. Qa4 Rb8 33. Rxb8 Nxb8 1/2-1/2

[Event "Teteven op"]
[Site "Teteven"]
[Date "2004.08.26"]
[Round "2"]
[White "Noskov, Anatolij"]
[Black "Stamenov, Valeri"]
[Result "1/2-1/2"]
[WhiteElo "2263"]
[BlackElo "1999"]
[PlyCount "37"]
[EventDate "2004.08.25"]
[EventType "swiss"]
[EventRounds "9"]
[EventCountry "BUL"]
[SourceTitle "CBM 102 Extra"]
[Source "ChessBase"]
[SourceDate "2004.11.03"]
[SourceVersion "1"]
[SourceVersionDate "2004.11.03"]
[SourceQuality "1"]

1. e4 e5 2. Nc3 Nf6 3. f4 d5 4. fxe5 Nxe4 5. d3 Nxc3 6. bxc3 d4 7. Nf3 dxc3 8. Be2 Nc6 9. d4 Qd5 10. 0-0 Be6 11. Be3 0-0-0 12. a3 Be7 13. Qe1 Qa5 14. Qg3 h6 15. Rfb1 a6 16. a4 Nb4 17. Ne1 g5 18. Bf2 Nd5 19. Nd3 1/2-1/2